00465nam a22001577a 450000500170000001000150001702000260003203500140005803700130007208200180008510000190010324500800012226000350020227000460023730000240028320170417111002.0 aENG-117827 a9789381141987c295.00 aEN-101359 bDBAD/PUB a303.623095414 aBiswas,Sukumar aCommunal riots in Bangladesh and West Bengal 1947-1964 /cby Sukumar Biswas aKolkatabParul Prakashnic2017 a8/3 Chintamoni Das Lane bKolkatae799001 axvi,183p.c23cm(Hb)